Internet per il cinema. tecniche, generi, cinematografie, autori (Record no. 93524)
[ view plain ]
| 000 -LEADER | |
|---|---|
| fixed length control field | 01881nam a2200313Ia 4500 |
| 001 - CONTROL NUMBER | |
| control field | G9644 |
| 003 - CONTROL NUMBER IDENTIFIER | |
| control field | IT-RoPAU |
| 008 - FIXED-LENGTH DATA ELEMENTS--GENERAL INFORMATION | |
| fixed length control field | 130308s9999 xx 000 0 und d |
| 040 ## - CATALOGING SOURCE | |
| Original cataloging agency | IT-RoPAU |
| 040 ## - CATALOGING SOURCE | |
| Transcribing agency | IT-RoPAU |
| 041 ## - LANGUAGE CODE | |
| Language code of text/sound track or separate title | ITALIANO |
| 100 ## - MAIN ENTRY--PERSONAL NAME | |
| Personal name | Aimeri Luca |
| 100 ## - MAIN ENTRY--PERSONAL NAME | |
| Miscellaneous information | Codice Aut. SPICS: 50576 |
| 245 ## - TITLE STATEMENT | |
| Title | Internet per il cinema. tecniche, generi, cinematografie, autori |
| 245 ## - TITLE STATEMENT | |
| Remainder of title | Internet per Il Cinema. Tecniche, Generi, Cinematografie, Autori |
| 250 ## - EDITION STATEMENT | |
| Edition statement | 1a ed. |
| 260 ## - PUBLICATION, DISTRIBUTION, ETC. (IMPRINT) | |
| Place of publication, distribution, etc. | TORINO |
| 260 ## - PUBLICATION, DISTRIBUTION, ETC. (IMPRINT) | |
| Name of publisher, distributor, etc. | Utet Libreria |
| 260 ## - PUBLICATION, DISTRIBUTION, ETC. (IMPRINT) | |
| Date of publication, distribution, etc. | 2001 [1° Ed.:2001 - Ed.Ling.Originale:2001] |
| 300 ## - PHYSICAL DESCRIPTION | |
| Extent | "362 p. (prefazione: 8; testo: 354 [pagine: 0-0])" |
| 500 ## - GENERAL NOTE | |
| General note | "Guida di tutti I siti di Argomento Cinematografico Contenenti Materiali Diinteresse Storico Critico: una Mappa di navigazione per Esplorare le pagine e gli Archivi web Piu' Qualificati e Aggiornati. ricerche di Storia del Cinema in Rete: motori di Ricerca; Indici Sistematici; pagine di risorse Specialistiche; banche Dati; Articoli Online, Biblioteche e ricerche Bibliografiche; riviste e Portali; siti del Capitolo. Storia del Cinema e Storie Delcinema: Precinema; conservazione e Restauro; Formato e Suono; Era del Muto, una Storia senza Parole; siti del Capitolo. nel Mondo della Storia: una Storia per Il Cinema: Sceneggiature, Sceneggiatori, Sceneggiatura; una Storia di che Tipo?: Generi Cinematografici Classici: Fantastico, Fantascienza Ehorror, Western, Musical, Noir; siti del Capitolo. Un Mondo di Storie: Cinematografie Nazionali: Usa, America Latina, Europa, Asia, Australia, Africa; siti del Capitolo. Autori e titoli dei Film in internet in Ordine Alfabetico dei Registi. indice dei Siti." |
| 650 ## - SUBJECT ADDED ENTRY--TOPICAL TERM | |
| Topical term or geographic name as entry element | SAGGI SUL CINEMA |
| 650 ## - SUBJECT ADDED ENTRY--TOPICAL TERM | |
| Relator term | Codice materia Spics: 6811 |
| 700 ## - ADDED ENTRY--PERSONAL NAME | |
| Personal name | Tomasi Dario |
| 700 ## - ADDED ENTRY--PERSONAL NAME | |
| Miscellaneous information | Codice Aut. SPICS: 25367 |
| 942 ## - ADDED ENTRY ELEMENTS (KOHA) | |
| Koha item type | LIBRO |
| 957 ## - | |
| -- | 1 |
| 999 ## - SYSTEM CONTROL NUMBERS (KOHA) | |
| -- | 1 |
| Withdrawn status | Lost status | Damaged status | Not for loan | Home library | Current library | Date acquired | Total Checkouts | Full call number | Date last seen | Price effective from | Koha item type | Public note |
|---|---|---|---|---|---|---|---|---|---|---|---|---|
| Buone Condizioni | Not For Loan | SPICS-MEDIATECA | SPICS-MEDIATECA | 08/03/2013 | G9644 | 08/03/2013 | 08/03/2013 | LIBRO | Progressivo inserimento: 40641 / N. Volumi: 1 Copie: 1 / data import: 1 marzo 2013 - By Epidotti, Trombetti, Vaglietti. |